Statistics for Countries That Are Not Translated to English in Google Translate

Click here to take the quiz!

General Stats

  • This quiz has been taken 11 times
    (7 since last reset)
  • The average score is 5 of 14

Answer Stats

HintAnswer% Correct
CountryEswatini
71%
CountryPapua New Guinea
71%
CountryLesotho
57%
CountryTimor Leste
57%
CountryCape Verde
29%
CountryCosta Rica
29%
CountryEl Salvador
29%
CountrySan Marino
29%
CountrySão Tomé and Príncipe
29%
CountryVanuatu
29%
CountryBurkina Faso
14%
CountryCanada
14%
CountrySri Lanka
0%
CountryTrinidad and Tobago
0%

Score Distribution

Percentile by Number Answered

Percent of People with Each Score

Your Score History

You have not taken this quiz since the last reset